| 000 | 00000nas##2200000za#4500 |
|---|---|
| 001 | 9.513986 |
| 003 | CaOODSP |
| 005 | 20200325132854 |
| 007 | ta |
| 008 | 150406c1993||||xxc|| p #||||f| |0fre|d |
| 040 | |aCaOODSP|bfre |
| 043 | |an-cn--- |
| 086 | 1 |aF1-23/1F |
| 110 | 1 |aCanada. |bMinistère des finances. |
| 245 | 13|aLe discours du budget |
| 260 | |aOttawa - Ontario : |bFinances Canada |
| 310 | |aAnnuel |
| 563 | |aCouverture souple |
| 691 | 07|aBudget|2gcpds |
| 775 | 08|tThe budget speech |w(CaOODSP)9.515663 |
| 776 | 0#|tDiscours du budget |w(CaOODSP)9.502314 |